<?xml version="1.0" encoding="UTF-8"?><?xml-stylesheet type="text/xsl" href="static/style.xsl"?><OAI-PMH xmlns="http://www.openarchives.org/OAI/2.0/" xmlns:xsi="http://www.w3.org/2001/XMLSchema-instance" xsi:schemaLocation="http://www.openarchives.org/OAI/2.0/ http://www.openarchives.org/OAI/2.0/OAI-PMH.xsd"><responseDate>2026-04-28T19:07:02Z</responseDate><request verb="GetRecord" identifier="oai:uvadoc.uva.es:10324/19042" metadataPrefix="marc">https://uvadoc.uva.es/oai/request</request><GetRecord><record><header><identifier>oai:uvadoc.uva.es:10324/19042</identifier><datestamp>2021-06-29T16:11:29Z</datestamp><setSpec>com_10324_38</setSpec><setSpec>col_10324_852</setSpec></header><metadata><record xmlns="http://www.loc.gov/MARC21/slim" xmlns:doc="http://www.lyncode.com/xoai" xmlns:xsi="http://www.w3.org/2001/XMLSchema-instance" xmlns:dcterms="http://purl.org/dc/terms/" xsi:schemaLocation="http://www.loc.gov/MARC21/slim http://www.loc.gov/standards/marcxml/schema/MARC21slim.xsd">
<leader>00925njm 22002777a 4500</leader>
<datafield tag="042" ind1=" " ind2=" ">
<subfield code="a">dc</subfield>
</datafield>
<datafield tag="720" ind1=" " ind2=" ">
<subfield code="a">Diente Serna, Sonia</subfield>
<subfield code="e">author</subfield>
</datafield>
<datafield tag="260" ind1=" " ind2=" ">
<subfield code="c">2016</subfield>
</datafield>
<datafield tag="520" ind1=" " ind2=" ">
<subfield code="a">La comunicación de las prácticas de responsabilidad social que efectúan las entidades a sus&#xd;
grupos de interés tiene especial relevancia en el ámbito empresarial debido a las demandas cada&#xd;
vez más exigentes de transparencia y de rendición de cuentas que se exigen a las empresas. En&#xd;
este estudio, se han analizado, a través de una muestra de las empresas ubicadas en la provincia&#xd;
de Valladolid, el grado de divulgación de las políticas de responsabilidad social en sus páginas&#xd;
web corporativas y la influencia que pueden tener determinadas características empresariales a&#xd;
la hora de comunicar estas acciones. Por otra parte, también se estudia la relación que se puede&#xd;
establecer entre el rendimiento financiero de la firma y el nivel de comunicación de las&#xd;
actuaciones de responsabilidad social.</subfield>
</datafield>
<datafield tag="024" ind2=" " ind1="8">
<subfield code="a">http://uvadoc.uva.es/handle/10324/19042</subfield>
</datafield>
<datafield ind1=" " ind2=" " tag="653">
<subfield code="a">Empresas - Aspecto social - España - Valladolid</subfield>
</datafield>
<datafield tag="245" ind1="0" ind2="0">
<subfield code="a">Divulgación de información sobre responsabilidad social en las empresas de Valladolid y su vinculación con el rendimiento financiero</subfield>
</datafield>
</record></metadata></record></GetRecord></OAI-PMH>